000 00799nam a2200217Ia 4500
005 20250108125157.0
008 008 250107s9999 xx 000 0 hin d
037 _aTB
040 _aCRL
_bhin
_cCRL
041 _ahin
_2hin
084 _aNW73 M7
084 _qCRL
100 _aउपाध्याय, राजेन्द्र, ले.
245 0 _aवहॉं मलय सागर तक
_cउपाध्याय, राजेन्द्र, ले.
260 _aबीकानेर, भारत
_bसूर्य प्रकाशन मन्दिर
_c3548
300 _a127पृ0
365 _a
_b18.95
650 _aहिन्दी निबंधहिन्दी साहित्य
_9729733
942 _cTB
_hNW73 M7
999 _c1235936
_d1235936